000 00822nam a22002777a 4500
001 BR7405251
003 BR-BrBNA
005 20230928084613.0
007 ta
008 230509b bl.||||| |||| 00| 0 por d
040 _aBR-BrBNA
_bpor
_cBiblioteca Nacional de Agricultura
041 _a(Por)
072 _aF00
_b1900
_b/G514
090 _ 1900 BR7405251
110 1 _aFundacao Educacional Padre Landell de Moura, Porto Alegre, RS (Brasil)
_94881
245 1 _aManual de forrageiras [Producao vegetal; Rio Grande do Sul; Brasil]
260 3 _aPorto Alegre, RS (Brasil):
_cNov 1974.
300 _a91 p.
500 _a20 illus.
650 _aProducao vegetal
650 _aPlanta forrageira
650 _aPratica cultural
650 _aRio Grande do Sul
909 _a202309
_bLucia
_c55
_dLucia Elande
942 _cBK
999 _c20036
_d20036